000 00703nam a2200265Ia 4500
003 OSt
005 20221006141648.0
006 a|||||r|||| 00| 0
007 ta
008 221006b |||||||| |||| 00| 0 jpn d
020 _c¥1400
024 _a3,740
037 _bGift, Japan Foundation
_cTextual
040 _aEASL
_cEASL
_bjpn
041 _2jpn
_ajpn
082 _aP42:(P41,3), N2
100 _aKITAHARA Yasuo
_9646002
245 0 _aHayabiki kokugo jiten
260 _aTokyo
_bOgata Japan
_c1992
300 _a538p.
_ccm.
490 _v RR
650 _aJL
942 _hP42:(P41,3), N2
_cTEXL
_2CC
999 _c1071826
_d1071826